Teología de la esperanza.

Gespeichert in:
Bibliographische Detailangaben
1. Verfasser: Moltmann, Jürgen (autor)
Format: Buch
Sprache:Spanisch
Veröffentlicht: Salamanca, España: Ediciones Sígueme, 2006.
Ausgabe:Séptima edición.
Schriftenreihe:Verdad e Imagen,
Schlagworte:
Tags: Tag hinzufügen
Keine Tags, Fügen Sie den ersten Tag hinzu!

MARC

LEADER 00000nam a2200000 a 4500
001 UCI8195
003 CL-VaPUC
005 20231113123319.0
008 080813e20060000SP |||||||||||||||||spa|d
020 |a 8430103066 
040 |c Pontificia Universidad Católica de Valparaíso 
082 0 4 |a 236 MOL 2006  |2 21 
100 |a Moltmann, Jürgen  |e autor  |9 595969 
245 1 0 |a Teología de la esperanza. 
250 |a Séptima edición. 
260 |a Salamanca, España:  |b Ediciones Sígueme,  |c 2006. 
300 |a 477 páginas. 
490 0 |a Verdad e Imagen,   |n 165. 
583 |a last modification  |c 20080813 00:00:00  |k Rodrigo Vera 
650 0 |a Escatología  |9 314395 
650 0 |a Teología   |9 258766 
650 0 |a Esperanza  |9 314979 
650 7 |a RESURRECCION  |2 CL-VaPUC  |9 314406 
650 0 |a Hermenéutica  |9 269473 
942 |c BK  |2 ddc 
945 |d 20080813 00:00:00  |a rbrito 
999 |c 331216  |d 331214 
952 |0 0  |1 2  |4 0  |6 236_000000000000000_MOL_2006  |7 0  |8 A  |9 417465  |a BIBTEO  |b BIBTEO  |d 2019-11-22  |i 4472470  |o 236 MOL 2006  |p 4472470  |r 2019-11-22  |w 2019-11-22  |y BK  |k ICR 
952 |0 0  |1 0  |2 ddc  |4 0  |6 236_000000000000000_MOL_2006  |7 0  |8 A  |9 592407  |a BIBTEO  |b BIBTEO  |c GEN  |d 2023-11-10  |e 8  |g 28000.00  |i 5659433  |l 1  |o 236 MOL 2006  |p 5659433  |r 2025-04-25  |s 2025-04-25  |t 2  |v 28000.00  |w 2023-11-10  |y BK  |k ICR